| 000 | 00753nam a2200229Ia 4500 | ||
|---|---|---|---|
| 003 | OSt | ||
| 005 | 20230717150508.0 | ||
| 008 | 210716s2018 xx 000 0 und d | ||
| 020 | _a9789352806973 | ||
| 040 | _cAIMIT LIBRARY | ||
| 041 | _aeng | ||
| 082 |
_a339 _21 _bBAND |
||
| 100 |
_aBanerjee, Dibyendu. _9127404 |
||
| 245 |
_aMacroeconomics : _bfrom short run to long run / _cBy Dibyendu Banerjee and Ramesh Chandra Das. |
||
| 250 | _a1st ed. | ||
| 260 |
_aNew Delhi : _bSage Publications , _c2018. |
||
| 300 |
_axix,492,I5p. ; _bPB _c23.5 cm |
||
| 650 |
_aNatural income and its measurement _9127405 |
||
| 650 |
_aMoney and quantity theory _vClassical model _9127406 |
||
| 700 |
_a Das, Ramesh Chandra. _9127407 |
||
| 942 |
_2ddc _cBK _e1st _k339 BAND |
||
| 999 |
_c211147 _d211147 |
||